00620nam a2200205Ia 450000500170000000800410001704000190005804100120007708200160008910000220010524500520012725000440017926000340022330000340025744000380029150400340032965000140036365100270037785000100040420240205093137.0131103s9999 xx 000 0 und d aLoreto College aEnglish a370.15bFRA aFrandsen,Arden N. aEducational Psychology, b cArden N.Frandsen athe principles of learning in teaching  aNew YorkbMcGraw - Hillc1961 axii,610 p.b ill.,fig.,tables aMcGraw - Hill Series In Education aIncludes references and index aEducation aEducational Psychology aLCLIB